00253nam a2200097Ia 4500008004100000100001500041245004000056260003700096300000900133650001300142190216s9999||||xx |||||||||||||| ||und|| aGandhi J C 0aMarketing A Managerial Introduction bTata Mcgrawhill Publishersc2000 a496p aCommerce